| 000 | 01141nam a2200289 a 4500 | ||
|---|---|---|---|
| 001 | 000021646 | ||
| 005 | 20250626131116.0 | ||
| 008 | 100909s1996 mx a 000 0 spa d | ||
| 020 | _a9688807842 | ||
| 040 |
_aDO-SdBNP _bspa _cBNPHU |
||
| 082 |
_a519.5 _bB489e, 1996 |
||
| 100 | 1 |
_aBerenson, Mark L., _d1941- _945028 |
|
| 245 | 1 | 0 |
_aEstadística básica en administración : _bconceptos y aplicaciones / _cMark L. Berenson , David M. Levine ; traducción de Ariadne Catalina Domínguez R. y A. Homero Flores Samaniego. |
| 250 | _a6a ed. | ||
| 260 |
_aMéxico, D. F. : _bPrentice Hall Hispanoamericana, _c1996. |
||
| 300 |
_axxv, 943 p. : _bil. ; _c27 cm. |
||
| 534 |
_aVersión de la obra títulada : _tBasic business statistics, concepts and applications |
||
| 500 | _aIncluye índice alfabético. | ||
| 650 | 0 |
_aEstadística matemática _920984 |
|
| 650 | 4 |
_aInformación _945029 |
|
| 650 | 4 |
_aAdministración _xMétodos estadísticos _945030 |
|
| 700 | 1 |
_aLevine, David M. _945031 |
|
| 700 | 1 |
_aDomínguez R., Ariadne Catalina, _etr. _945032 |
|
| 700 | 1 |
_aFlores Samaniego, A. Homero, _etr. _945033 |
|
| 910 | _aWM | ||
| 049 | _aBNGR | ||
| 999 |
_c21145 _d21145 |
||